|
|
|
|
| LEADER |
00000nam0a2200000 4500 |
| 001 |
674163 |
| 005 |
20240820110659.0 |
| 090 |
|
|
|a 674163
|
| 100 |
|
|
|a 20240820d1979 k||y0rusy50 ca
|
| 101 |
0 |
|
|a rus
|
| 102 |
|
|
|a UA
|
| 105 |
|
|
|a y z 001yy
|
| 181 |
|
0 |
|a i
|b e
|
| 182 |
|
0 |
|a n
|
| 183 |
|
0 |
|a nc
|2 RDAcarrier
|
| 200 |
1 |
|
|a Катализаторы конверсии углеводородов. Опыт применения классификации и номенклатуры катализаторов
|e [монография]
|f В. В. Веселов, Н. П. Галенко
|g Институт газа АН УССР
|
| 203 |
|
|
|a Текст
|b визуальный
|c непосредственный
|
| 210 |
|
|
|a Киев
|c Наукова думка
|d 1979
|
| 215 |
|
|
|a 192 с.
|
| 283 |
|
|
|a volume
|2 RDAcarrier
|
| 320 |
|
|
|a Список литературы: с. 191
|
| 606 |
1 |
|
|a Углеводороды
|x Конверсия каталитическая
|9 55321
|
| 610 |
1 |
|
|a номенклатура катализаторов
|
| 610 |
1 |
|
|a крекинг-газ
|
| 610 |
1 |
|
|a бензиновые фракции
|
| 610 |
1 |
|
|a метан
|
| 675 |
|
|
|a 661.961
|v 4
|
| 700 |
|
1 |
|a Веселов
|b В. В.
|g Валентин Васильевич
|
| 701 |
|
1 |
|a Галенко
|b Н. П.
|g Надежда Павловна
|
| 712 |
0 |
2 |
|a Академия наук Украинской ССР
|b Институт газа
|c (Киев)
|4 570
|9 25120
|
| 801 |
|
0 |
|a RU
|b 63413507
|c 20240820
|
| 830 |
|
|
|a Ретро2024Каталогизация Мотырева
|
| 850 |
|
|
|a 63413507
|
| 942 |
|
|
|c BK
|